| 000 | 00435cam a2200181ua 4500 | ||
|---|---|---|---|
| 020 | _c8.00 | ||
| 041 |
_amal _h |
||
| 082 |
_a291.175 _bNAM/SA |
||
| 100 | _aNamboodiri, K R. | ||
| 245 |
_aSaundarya Lahiri / _cK R Namboodiri. _hTextual Documents |
||
| 250 |
_a1 / _b. |
||
| 260 |
_aThrissur : _bThe Mangalodayam Pvt Ltd , _c1962. |
||
| 300 | _a429 ; . | ||
| 365 | _a8.00 | ||
| 504 | _a | ||
| 942 | _cBK | ||
| 999 |
_c6560 _d6560 |
||